[Event "Cto Esp Eq"]
[Site "?"]
[Date "2004.11.18"]
[Round "1"]
[White "Illescas, Miguel"]
[Black "Krasenkow, Michal"]
[Result "0-1"]
[WhiteElo "2626"]
[BlackElo "2676"]
[PlyCount "70"]
[EventDate "2004.11.18"]
[SourceDate "2004.11.18"]

1. Nf3 Nf6 2. c4 c5 3. Nc3 d5 4. cxd5 Nxd5 5. e3 Nxc3 6. bxc3 g6 7. Ba3 Nd7 8.
Qa4 Qc7 9. Be2 e5 10. h4 Be7 11. h5 g5 12. h6 O-O 13. Bd3 f5 14. Rh5 Qd8 15.
Qb3+ Kh8 16. c4 e4 17. Bb2+ Bf6 18. Rxg5 Bxb2 19. Qxb2+ Qf6 20. Qxf6+ Rxf6 21.
O-O-O exf3 22. Bxf5 fxg2 23. Rg1 Rxh6 24. R1xg2 Nf6 25. Bd3 b6 26. Be4 Rb8 27.
Bd5 Bb7 28. Bxb7 Rxb7 29. e4 Rg6 30. e5 Rxg5 31. Rxg5 Ne4 32. Rf5 h6 33. Rf4
Ng5 34. a4 Re7 35. Rh4 Kh7 0-1

[Event "Cto Esp Eq"]
[Site "?"]
[Date "2004.11.18"]
[Round "1"]
[White "Granados Gomez, Manuel"]
[Black "Carrasco Martinez, Juan"]
[Result "1-0"]
[WhiteElo "2425"]
[BlackElo "2408"]
[PlyCount "53"]
[EventDate "2004.11.18"]
[SourceDate "2004.11.18"]

1. d4 Nf6 2. Nf3 e6 3. e3 b6 4. Bd3 Bb7 5. O-O c5 6. b3 Be7 7. Bb2 O-O 8. c4
cxd4 9. exd4 d5 10. Nbd2 Nc6 11. Rc1 Rc8 12. a3 dxc4 13. bxc4 Qd6 14. Qe2 Qf4
15. d5 exd5 16. cxd5 Nxd5 17. Rc4 Qh6 18. Rg4 g6 19. Ne4 Rce8 20. Ba1 f5 21.
Qa2 Nd8 22. Bc4 fxg4 23. Bxd5+ Bxd5 24. Qxd5+ Nf7 25. Ne5 Qh5 26. Nxf7 h6 27.
Qd4 1-0

[Event "Cto Esp Eq"]
[Site "?"]
[Date "2004.11.18"]
[Round "1"]
[White "Glavina, Pablo"]
[Black "Romero Holmes, Alfonso"]
[Result "0-1"]
[WhiteElo "2458"]
[BlackElo "2514"]
[PlyCount "60"]
[EventDate "2004.11.18"]
[SourceDate "2004.11.18"]

1. d4 d5 2. c4 Nc6 3. cxd5 Qxd5 4. e3 e5 5. Nc3 Bb4 6. Bd2 Bxc3 7. bxc3 Nf6 8.
Ne2 O-O 9. Ng3 exd4 10. cxd4 Re8 11. Bc3 h5 12. h4 Qd6 13. Bd3 Rxe3+ 14. fxe3
Qxg3+ 15. Kd2 Qxg2+ 16. Qe2 Ne4+ 17. Kc2 Qxe2+ 18. Bxe2 Bf5 19. Bd3 Re8 20.
Rhf1 Ne7 21. Rae1 Bg6 22. Bd2 Nd5 23. Bxe4 Rxe4 24. Kb3 Rxh4 25. Rf2 Be4 26.
Ref1 f6 27. Rg1 Rg4 28. Rxg4 hxg4 29. Re2 Kf7 30. Be1 Bf3 0-1

[Event "Cto Esp Eq"]
[Site "?"]
[Date "2004.11.18"]
[Round "1"]
[White "Nijboer, Friso"]
[Black "Damljanovic, Branko"]
[Result "1/2-1/2"]
[WhiteElo "2567"]
[BlackElo "2578"]
[PlyCount "43"]
[EventDate "2004.11.18"]
[SourceDate "2004.11.18"]

1. e4 c5 2. Nf3 Nc6 3. d4 cxd4 4. Nxd4 e6 5. Nc3 Qc7 6. Be2 a6 7. O-O Nf6 8.
Kh1 Be7 9. f4 d6 10. Be3 O-O 11. Qe1 Bd7 12. Qg3 Kh8 13. Rad1 Rae8 14. a3 Bd8
15. Nf3 e5 16. Nh4 Bc8 17. Rd2 exf4 18. Bxf4 Ne5 19. Nf5 Bxf5 20. exf5 Be7 21.
h3 Qb6 22. Rb1 1/2-1/2

[Event "Cto Esp Eq"]
[Site "?"]
[Date "2004.11.18"]
[Round "1"]
[White "Khamrakulov, Ibragim"]
[Black "Jerez Perez, Alfonso"]
[Result "1-0"]
[WhiteElo "2500"]
[BlackElo "2434"]
[PlyCount "47"]
[EventDate "2004.11.18"]
[SourceDate "2004.11.18"]

1. e4 e6 2. d4 d5 3. Nd2 Be7 4. Ngf3 c5 5. exd5 exd5 6. dxc5 Bxc5 7. Nb3 Bb6 8.
Bb5+ Nc6 9. O-O Nge7 10. Bg5 O-O 11. Qd2 Qd6 12. Rfe1 Bc7 13. Be3 Bg4 14. Bc5
Qg6 15. Nfd4 Rfe8 16. f3 Qh5 17. h3 Bf5 18. Bxe7 Rxe7 19. Bxc6 Rxe1+ 20. Rxe1
bxc6 21. g4 Qxh3 22. gxf5 Bb6 23. Qf4 c5 24. Nc6 1-0

[Event "Cto Esp Eq"]
[Site "?"]
[Date "2004.11.18"]
[Round "1"]
[White "Chernin, Alexander"]
[Black "San Segundo, Pablo"]
[Result "1/2-1/2"]
[WhiteElo "2584"]
[BlackElo "2516"]
[PlyCount "39"]
[EventDate "2004.11.18"]
[SourceDate "2004.11.18"]

1. d4 Nf6 2. c4 e6 3. Nc3 Bb4 4. Qc2 d5 5. cxd5 Qxd5 6. e3 c5 7. Bd2 Bxc3 8.
Bxc3 cxd4 9. Bxd4 Nc6 10. Bc3 O-O 11. a3 Rd8 12. Nf3 Ne4 13. Be2 Nxc3 14. Qxc3
Bd7 15. O-O Rac8 16. Rfd1 Qa5 17. Rac1 Qxc3 18. Rxc3 Kf8 19. Kf1 Ke7 20. Rdc1
1/2-1/2

[Event "Cto Esp Eq"]
[Site "?"]
[Date "2004.11.18"]
[Round "1"]
[White "Arizmendi, Julen"]
[Black "Rahal, Michael"]
[Result "1/2-1/2"]
[WhiteElo "2531"]
[BlackElo "2416"]
[PlyCount "49"]
[EventDate "2004.11.18"]
[SourceDate "2004.11.18"]

1. e4 e6 2. d4 d5 3. Nd2 Nf6 4. e5 Nfd7 5. c3 c5 6. Bd3 Nc6 7. Ne2 cxd4 8. cxd4
f6 9. exf6 Nxf6 10. O-O Bd6 11. Nf3 O-O 12. Bf4 Nh5 13. Bxd6 Qxd6 14. Qd2 Rxf3
15. gxf3 Bd7 16. Qg5 g6 17. Kh1 Rf8 18. Rg1 Nf4 19. Qg3 e5 20. dxe5 Qxe5 21.
Nxf4 Qxf4 22. Qxf4 Rxf4 23. Rad1 Ne5 24. Bc2 Nxf3 25. Bb3 1/2-1/2

[Event "Cto Esp Eq"]
[Site "?"]
[Date "2004.11.18"]
[Round "1"]
[White "Lezcano Jaen, Pedro"]
[Black "Fernandez Garcia, Jose Luis"]
[Result "1/2-1/2"]
[WhiteElo "2391"]
[BlackElo "2479"]
[PlyCount "52"]
[EventDate "2004.11.18"]
[SourceDate "2004.11.18"]

1. d4 Nf6 2. Nf3 g6 3. c3 Bg7 4. Bg5 d5 5. Nbd2 Nbd7 6. e3 O-O 7. Be2 Re8 8.
O-O e5 9. Nb3 h6 10. Bh4 c6 11. c4 dxc4 12. Bxc4 exd4 13. Nbxd4 Nb6 14. Bb3
Nbd5 15. Qc2 Qb6 16. Rac1 Ne4 17. Rfd1 Bg4 18. Bc4 Nd6 19. Bxd5 cxd5 20. Qc5
Qxc5 21. Rxc5 Bxd4 22. Rxd4 Bxf3 23. gxf3 Nf5 24. Rg4 h5 25. Ra4 d4 26. Bg5
dxe3 1/2-1/2

[Event "Cto Esp Eq"]
[Site "?"]
[Date "2004.11.18"]
[Round "1"]
[White "Narciso, Marc"]
[Black "Perez Candelario, Manuel"]
[Result "1-0"]
[WhiteElo "2487"]
[BlackElo "2474"]
[PlyCount "73"]
[EventDate "2004.11.18"]
[SourceDate "2004.11.18"]

1. g3 d5 2. Bg2 e5 3. d3 Nc6 4. Nf3 Nf6 5. O-O Be7 6. c4 O-O 7. cxd5 Nxd5 8.
Nc3 Nb6 9. a3 Re8 10. b4 Bf8 11. Bb2 a5 12. b5 Nd4 13. Nd2 a4 14. e3 Ne6 15.
Nf3 f6 16. Qc2 Bd7 17. Rad1 Qc8 18. d4 exd4 19. Nxd4 Ra5 20. Nc6 Ra8 21. Ne4
Kh8 22. h4 f5 23. Nd2 Nd8 24. Nd4 c5 25. bxc6 Nxc6 26. Nxc6 Bxc6 27. Bxc6 bxc6
28. Nf3 Ra5 29. Rd4 Rc5 30. Qd3 Rb5 31. Qc2 Rc5 32. Qe2 Rb5 33. Rfd1 Qb8 34.
R4d2 Rd5 35. Nd4 c5 36. Nf3 Rxd2 37. Rxd2 1-0

[Event "Cto Esp Eq"]
[Site "?"]
[Date "2004.11.18"]
[Round "1"]
[White "Del Rio, Gabriel"]
[Black "Baron, Jesus"]
[Result "1-0"]
[WhiteElo "2491"]
[BlackElo "2432"]
[PlyCount "103"]
[EventDate "2004.11.18"]
[SourceDate "2004.11.18"]

1. e4 e5 2. Nf3 Nc6 3. Bb5 a6 4. Ba4 Nf6 5. O-O Nxe4 6. d4 b5 7. Bb3 d5 8. dxe5
Be6 9. c3 Bc5 10. Nbd2 O-O 11. Bc2 Nxf2 12. Rxf2 f6 13. exf6 Bxf2+ 14. Kxf2
Qxf6 15. Nf1 Ne5 16. Be3 Rae8 17. Bc5 Nxf3 18. gxf3 Rf7 19. Ng3 Bg4 20. Kg1
Qxf3 21. Qxf3 Rxf3 22. a4 Bh3 23. axb5 axb5 24. Nh1 Kf7 25. Nf2 Re2 26. Nxh3
Rxh3 27. Rf1+ Ke8 28. Rf8+ Kd7 29. Bf5+ Kc6 30. Bxh3 Kxc5 31. b4+ Kc6 32. Rd8
Rc2 33. Bd7+ Kb7 34. Bxb5 Rxc3 35. Be2 c6 36. Rd7+ Kb6 37. Rxg7 Re3 38. Kf2 Rh3
39. Kg2 Rh4 40. b5 cxb5 41. Kg3 Rh6 42. h4 b4 43. Bd1 Kc5 44. Kg4 Kd4 45. h5
Rc6 46. Rxh7 Ke3 47. Rb7 d4 48. Kg5 Kd2 49. Bf3 Rc5+ 50. Kf4 Kc3 51. h6 b3 52.
h7 1-0

[Event "Cto Esp Eq"]
[Site "?"]
[Date "2004.11.18"]
[Round "1"]
[White "Moreno Carnero, Javier"]
[Black "Corral, Juan"]
[Result "1/2-1/2"]
[WhiteElo "2512"]
[BlackElo "2446"]
[PlyCount "93"]
[EventDate "2004.11.18"]
[SourceDate "2004.11.18"]

1. e4 c5 2. Nf3 Nc6 3. d4 cxd4 4. Nxd4 Nf6 5. Nc3 d6 6. Bg5 Qa5 7. Bb5 Bd7 8.
Nb3 Qd8 9. Qe2 h6 10. Bh4 e6 11. O-O-O Qc7 12. f4 a6 13. Bxc6 bxc6 14. Rhf1 Nh7
15. e5 d5 16. f5 Bb4 17. Qg4 Bxc3 18. bxc3 Ng5 19. Bxg5 hxg5 20. fxe6 Bxe6 21.
Qxg5 c5 22. h3 Kf8 23. Rd3 Rc8 24. Rg3 Rh7 25. Rf4 a5 26. Ra4 g6 27. Rf4 Ke8
28. Qf6 Kd7 29. Rf2 Rh5 30. Qf4 Rxe5 31. Qa4+ Ke7 32. Qh4+ Kd7 33. Qa4+ Ke7 34.
Qh4+ Kd7 35. Rgf3 Kc6 36. Qa4+ Kd6 37. Nxa5 Re4 38. c4 Ra8 39. Ra3 Ra7 40. Qb5
Bd7 41. Rf6+ Ke7 42. Qb6 Qe5 43. Rf1 Rxa5 44. Qxa5 Qa1+ 45. Kd2 Rd4+ 46. Ke2
Re4+ 47. Kd2 1/2-1/2

[Event "Cto Esp Eq"]
[Site "?"]
[Date "2004.11.18"]
[Round "1"]
[White "Bologan, Victor"]
[Black "Vallejo, Paco"]
[Result "1/2-1/2"]
[WhiteElo "2669"]
[BlackElo "2678"]
[PlyCount "105"]
[EventDate "2004.11.18"]
[SourceDate "2004.11.18"]

1. d4 Nf6 2. c4 e6 3. Nf3 b6 4. g3 Ba6 5. b3 b5 6. cxb5 Bxb5 7. Bg2 d5 8. O-O
Nbd7 9. Nc3 Ba6 10. Re1 Bd6 11. Bg5 O-O 12. a3 Bb7 13. e4 dxe4 14. Nxe4 h6 15.
Bxf6 Nxf6 16. Nfd2 Nxe4 17. Bxe4 Bxe4 18. Rxe4 Be7 19. Qc2 a5 20. Nc4 Bf6 21.
Rd1 Qd7 22. Ne3 c6 23. Ng4 Be7 24. Ne5 Qb7 25. Nxc6 Bxa3 26. d5 exd5 27. Rxd5
Rac8 28. Rc4 Bb4 29. Rdd4 Rfe8 30. Re4 Bf8 31. Qe2 Qa8 32. Rxe8 Rxe8 33. Qd2
Re6 34. Qxa5 Qe8 35. Nd4 Re5 36. Qa4 Re1+ 37. Kg2 Qd8 38. Nf3 Rb1 39. Rd4 Qb6
40. Qe8 Rb2 41. b4 Qa7 42. Qd8 Qe7 43. Qxe7 Bxe7 44. Rd7 Bxb4 45. Ne5 Re2 46.
Rd8+ Kh7 47. Rd5 Kg8 48. Kf3 Rd2 49. Rb5 Bd6 50. Nc4 Rd4 51. Ne3 g6 52. h4 h5
53. Rd5 1/2-1/2

[Event "Cto Esp Eq"]
[Site "?"]
[Date "2004.11.18"]
[Round "1"]
[White "Nielsen, Peter H"]
[Black "Pelletier, Yannick"]
[Result "1/2-1/2"]
[WhiteElo "2663"]
[BlackElo "2589"]
[PlyCount "125"]
[EventDate "2004.11.18"]
[SourceDate "2004.11.18"]

1. d4 Nf6 2. c4 e6 3. g3 c5 4. Nf3 cxd4 5. Nxd4 Bb4+ 6. Bd2 Qb6 7. Bxb4 Qxb4+
8. Nc3 Qxb2 9. Ndb5 Qb4 10. Rb1 Qa5 11. Nd6+ Ke7 12. Qd2 Nc6 13. Bg2 Qc5 14.
Rd1 Rd8 15. O-O Kf8 16. Nce4 Nxe4 17. Bxe4 Kg8 18. Qf4 f6 19. Rd2 Qg5 20. Qxg5
fxg5 21. Rfd1 b6 22. Nb5 Rf8 23. Rd6 Rf7 24. Nd4 Ba6 25. Nf3 h6 26. Rxd7 Rxd7
27. Rxd7 Rc8 28. Nd2 Ne5 29. Rxa7 Bxc4 30. Nxc4 Rxc4 31. f3 Kf8 32. Kf2 Rd4 33.
Rb7 Rd6 34. Rc7 Rd7 35. Rxd7 Nxd7 36. Ke3 Ke7 37. Kd4 Kd6 38. Kc4 Ne5+ 39. Kb5
Kc7 40. Bc2 Nf7 41. Kc4 Ne5+ 42. Kd4 Kd6 43. Ba4 Ng6 44. Ke4 Ne7 45. Bb3 Ng8
46. Kd4 Nf6 47. Kc4 e5 48. Kb5 Kc7 49. Be6 Ne8 50. Kc4 Kd6 51. Bf5 Nf6 52. Bg6
Nd5 53. Bf7 Nf6 54. g4 Ke7 55. Bg6 Kd6 56. Kb5 Kc7 57. e4 Ng8 58. Kc4 Ne7 59.
Be8 Kd6 60. Kb5 Kc7 61. Kc4 Kd6 62. Kb5 Kc7 63. Kc4 1/2-1/2

[Event "Cto Esp Eq"]
[Site "?"]
[Date "2004.11.18"]
[Round "1"]
[White "Lopez Martinez, Josep"]
[Black "Moiseenko, Alexander"]
[Result "0-1"]
[WhiteElo "2481"]
[BlackElo "2653"]
[PlyCount "132"]
[EventDate "2004.11.18"]
[SourceDate "2004.11.18"]

1. e4 c5 2. Nf3 Nc6 3. d4 cxd4 4. Nxd4 e5 5. Nb5 d6 6. N1c3 a6 7. Na3 Be7 8.
Nc4 b5 9. Ne3 Nf6 10. g3 h5 11. Bg2 h4 12. a4 Rb8 13. axb5 axb5 14. O-O Nd4 15.
Ncd5 Nxd5 16. Nxd5 Be6 17. Nb4 Qc8 18. Be3 Qc4 19. Bxd4 Qxb4 20. Bc3 Qc5 21.
Bd2 hxg3 22. hxg3 Qc8 23. c3 O-O 24. Be3 Rd8 25. Qd2 Ra8 26. Bb6 Rd7 27. Rfd1
Qc6 28. Be3 Ra4 29. Qc2 Rd8 30. b3 Raa8 31. Rdc1 Rdc8 32. Rxa8 Qxa8 33. Qb2 Qa5
34. b4 Qc7 35. Qd2 Ra8 36. Qd3 Qc6 37. Qd2 Bc4 38. Rc2 Bb3 39. Rb2 Ra1+ 40. Kh2
Rd1 41. Rxb3 Rxd2 42. Bxd2 Qa8 43. Rb2 Qa1 44. Rc2 Qd1 45. Ra2 Qe2 46. Ra8+ Kh7
47. Be3 Qc4 48. Rb8 Kg6 49. Rb6 Qxc3 50. Rxb5 Bg5 51. Bxg5 Kxg5 52. Rb7 Kf6 53.
b5 Qd2 54. Rd7 Qd4 55. f4 exf4 56. gxf4 Qf2 57. Rxd6+ Ke7 58. Rd5 Qxf4+ 59. Kg1
Qc1+ 60. Kh2 Qf4+ 61. Kg1 g6 62. Rd3 Qc1+ 63. Kh2 Qc7+ 64. Kh1 g5 65. Rb3 Qc2
66. Rf3 Qb1+ 0-1

[Event "Cto Esp Eq"]
[Site "Ajedrez21.com"]
[Date "2004.11.18"]
[Round "1"]
[White " Lautier, Joel"]
[Black " Giorgadze, Gia"]
[Result "1-0"]
[WhiteElo "2682"]
[BlackElo "2612"]
[PlyCount "57"]
[EventDate "2004.??.??"]
[SourceDate "2004.11.18"]

1. d4 d5 2. c4 e6 3. Nc3 Bb4 4. a3 Bxc3+ 5. bxc3 Nf6 6. e3 c5 7. cxd5 exd5 8.
Bd3 O-O 9. Ne2 b6 10. O-O cxd4 11. cxd4 Ba6 12. f3 Re8 13. Bxa6 Nxa6 14. Qd3
Qc8 15. Bb2 Qb7 16. Ng3 Rad8 17. Rae1 Re6 18. Re2 b5 19. Rc1 b4 20. e4 bxa3 21.
Bxa3 dxe4 22. fxe4 Nb4 23. Qd2 Rc6 24. Rb1 a5 25. Qg5 Qa7 26. Nf5 g6 27. e5 Re8
28. exf6 Rxe2 29. Qh6 1-0

[Event "Cto Esp Eq"]
[Site "Ajedrez21.com"]
[Date "2004.11.18"]
[Round "1"]
[White " Franco, Zenon"]
[Black "Malakhov, Vladimir "]
[Result "0-1"]
[WhiteElo "2526"]
[BlackElo "2664"]
[PlyCount "126"]
[EventDate "2004.??.??"]
[SourceDate "2004.11.18"]

1. d4 d5 2. c4 c6 3. Nf3 e6 4. Qc2 Nf6 5. Bg5 dxc4 6. Qxc4 b5 7. Qc2 Bb7 8. e3
Nbd7 9. Be2 Be7 10. O-O O-O 11. Nbd2 Rc8 12. a4 a6 13. Rfd1 c5 14. axb5 cxd4
15. Qb1 dxe3 16. Bxe3 axb5 17. Bxb5 Qc7 18. Ba6 Bxa6 19. Rxa6 Nc5 20. Ra1 Nd5
21. Bd4 Qb7 22. g3 Rfd8 23. Qa2 Bf6 24. Bxf6 Nxf6 25. Ne1 Nd5 26. Rac1 h5 27.
Qb1 Qb5 28. Ndf3 Na4 29. Rxc8 Rxc8 30. Nd3 g6 31. Nfe5 Rb8 32. Rd2 Rb7 33. Qe1
Kg7 34. h4 Nc5 35. Nxc5 Qxc5 36. Nd3 Qc4 37. Ne5 Qc7 38. Nd3 Kh7 39. Ne5 Ra7
40. Nf3 Ra4 41. Qe2 Rc4 42. Rd4 Rc5 43. Kg2 Qb7 44. Kh2 Nf6 45. Rd1 Ng4+ 46.
Kg1 Rf5 47. Ng5+ Kg7 48. Ne4 Re5 49. f3 Qb6+ 50. Kh1 Rxe4 51. fxe4 Nf2+ 52. Kg2
Nxd1 53. Qxd1 Qxb2+ 54. Kg1 Qb6+ 55. Kg2 Qe3 56. Qc2 Kh6 57. Kh2 Qf3 58. Qb2
Kh7 59. Qe5 Qf2+ 60. Kh1 Kg8 61. Qb8+ Kg7 62. e5 g5 63. Qd8 Qf5 0-1

[Event "Cto Esp Eq"]
[Site "Ajedrez21.com"]
[Date "2004.11.18"]
[Round "1"]
[White " Fressinet, Laurent"]
[Black " Lariño, David"]
[Result "1-0"]
[WhiteElo "2640"]
[BlackElo "2307"]
[PlyCount "47"]
[EventDate "2004.??.??"]
[SourceDate "2004.11.18"]

1. e4 e6 2. d4 d5 3. Nc3 Nf6 4. Bg5 Be7 5. e5 Nfd7 6. h4 c5 7. Bxe7 Qxe7 8. Nb5
O-O 9. Nc7 cxd4 10. Nxa8 f6 11. Qxd4 fxe5 12. Qc3 Nc6 13. Nf3 Nf6 14. O-O-O Ng4
15. Bb5 Nxf2 16. Bxc6 Nxd1 17. Rxd1 bxc6 18. Qxe5 Rf7 19. Ng5 Rf5 20. Qc7 Qe8
21. Qd6 Qf8 22. Qxc6 Rf1 23. Nf3 Rf2 24. Nc7 1-0

[Event "Cto Esp Eq"]
[Site "?"]
[Date "2004.11.19"]
[Round "2"]
[White "Pelletier, Yannick"]
[Black "Narciso, Marc"]
[Result "1/2-1/2"]
[WhiteElo "2589"]
[BlackElo "2487"]
[PlyCount "43"]
[EventDate "2004.11.19"]
[SourceDate "2004.11.19"]

1. Nf3 e6 2. c4 Nf6 3. Nc3 d5 4. d4 Be7 5. Bf4 c5 6. dxc5 Na6 7. Bd6 Nxc5 8.
Bxe7 Kxe7 9. cxd5 exd5 10. e3 Be6 11. Be2 Qb6 12. O-O Rhc8 13. Na4 Nxa4 14.
Qxa4 Qxb2 15. Nd4 Bd7 16. Qd1 Qa3 17. Rb1 Rc7 18. Bb5 Kf8 19. Qf3 Qd6 20. Bxd7
Rxd7 21. Rfc1 Rc7 22. Qf5 1/2-1/2

[Event "Cto Esp Eq"]
[Site "?"]
[Date "2004.11.19"]
[Round "2"]
[White "Glavina, Pablo"]
[Black "Moreno Carnero, Javier"]
[Result "1-0"]
[WhiteElo "2458"]
[BlackElo "2512"]
[PlyCount "87"]
[EventDate "2004.11.19"]
[SourceDate "2004.11.19"]

1. e4 e6 2. d4 d5 3. Nc3 Bb4 4. e5 Ne7 5. Bd2 b6 6. Nf3 Bxc3 7. Bxc3 a5 8. a3
Ba6 9. Bxa6 Rxa6 10. b4 axb4 11. axb4 Rxa1 12. Qxa1 Qd7 13. O-O O-O 14. Qa7 Qc6
15. Bd2 Nd7 16. Ra1 b5 17. Qa3 Nb6 18. Qc3 Qxc3 19. Bxc3 Na4 20. Be1 Nc6 21.
Bd2 f6 22. c3 Kf7 23. g3 Ke7 24. Kg2 Kd7 25. h4 h5 26. exf6 gxf6 27. Ne1 e5 28.
Nc2 e4 29. Na3 Na7 30. Nxb5 Nxb5 31. Rxa4 f5 32. Ra6 c6 33. Bf4 Rc8 34. Rb6
Nxc3 35. Rb7+ Ke6 36. Rh7 Ne2 37. Rh6+ Kf7 38. Be5 Ra8 39. Rxh5 Ra1 40. Rxf5+
Ke7 41. h5 Ng1 42. h6 Nf3 43. Rxf3 exf3+ 44. Kh2 1-0

[Event "Cto Esp Eq"]
[Site "?"]
[Date "2004.11.19"]
[Round "2"]
[White "Suba, Mihai"]
[Black "Moiseenko, Alexander"]
[Result "0-1"]
[WhiteElo "2516"]
[BlackElo "2653"]
[PlyCount "74"]
[EventDate "2004.11.19"]
[SourceDate "2004.11.19"]

1. c4 c5 2. Nf3 Nc6 3. Nc3 e5 4. e3 Nf6 5. d4 cxd4 6. exd4 e4 7. Ne5 Bb4 8. Be2
Qa5 9. Nxc6 dxc6 10. Qc2 O-O 11. h3 Re8 12. a3 Bd6 13. c5 Bb8 14. b4 Qd8 15.
Be3 Be6 16. g4 Bc7 17. a4 b6 18. b5 bxc5 19. dxc5 Be5 20. Rc1 Nd5 21. Nxe4 Nxe3
22. fxe3 Qh4+ 23. Kf1 Bd5 24. Bf3 Bc7 25. Kg2 Qe7 26. Rhd1 Bxe4 27. Qxe4 Qxe4
28. Bxe4 Rxe4 29. Rd7 Rc8 30. bxc6 Re6 31. Rf1 f6 32. Rfd1 Kf8 33. R1d4 Rxc6
34. Re4 Rd8 35. Ree7 Rxd7 36. Rxd7 Rxc5 37. Kf3 Bb6 0-1

[Event "Cto Esp Eq"]
[Site "?"]
[Date "2004.11.19"]
[Round "2"]
[White "Jerez Perez, Alfonso"]
[Black "Lopez Martinez, Josep"]
[Result "1-0"]
[WhiteElo "2434"]
[BlackElo "2481"]
[PlyCount "81"]
[EventDate "2004.11.19"]
[SourceDate "2004.11.19"]

1. e4 c5 2. Nc3 d6 3. Nge2 Nf6 4. g3 g6 5. Bg2 Bg7 6. O-O O-O 7. d4 cxd4 8.
Nxd4 Bg4 9. Nde2 Nc6 10. h3 Bd7 11. Nd5 Nxd5 12. exd5 Ne5 13. a4 Qb6 14. Ra2
Rfc8 15. b3 Be8 16. c4 Nd7 17. a5 Qd8 18. Nd4 a6 19. Re1 Bf6 20. Be3 Rab8 21.
Qd2 Rc7 22. Nf3 Nc5 23. Ra3 Qc8 24. Bd4 Nd7 25. Bxf6 Nxf6 26. Nd4 Qd8 27. Ra2
Bd7 28. Qd3 Rbc8 29. Rae2 Be8 30. Qd2 Kg7 31. Qg5 Ng8 32. h4 Kf8 33. Qf4 Kg7
34. h5 Rb8 35. Bf3 b5 36. axb6 Rxb6 37. hxg6 hxg6 38. Kg2 Rcb7 39. Rh1 Bd7 40.
Qh4 a5 41. Qh8+ 1-0

[Event "Cto Esp Eq"]
[Site "?"]
[Date "2004.11.19"]
[Round "2"]
[White "Giorgadze, Gia"]
[Black "Chernin, Alexander"]
[Result "0-1"]
[WhiteElo "2612"]
[BlackElo "2584"]
[PlyCount "64"]
[EventDate "2004.11.19"]
[SourceDate "2004.11.19"]

1. e4 c5 2. Nc3 e6 3. f4 d5 4. Nf3 d4 5. Ne2 Nc6 6. d3 f6 7. g4 Bd6 8. h4 Nge7
9. Bh3 Qc7 10. Kf2 Ng6 11. Kg3 h5 12. gxh5 Rxh5 13. Bg4 Rh8 14. h5 Nge7 15. c4
Bd7 16. Nh4 O-O-O 17. Kf2 Kb8 18. Bf3 Be8 19. Ng2 Bf7 20. Bd2 g6 21. hxg6 Nxg6
22. Qb3 Rdg8 23. Rag1 f5 24. e5 Be7 25. Kf1 Be8 26. Rxh8 Rxh8 27. Qd1 Rh3 28.
Kf2 Ncxe5 29. fxe5 Nxe5 30. Ne1 Bh4+ 31. Kg2 Rh2+ 32. Kxh2 Ng4+ 0-1

[Event "Cto Esp Eq"]
[Site "?"]
[Date "2004.11.19"]
[Round "2"]
[White "Fressinet, Laurent"]
[Black "Khamrakulov, Ibragim"]
[Result "1-0"]
[WhiteElo "2640"]
[BlackElo "2500"]
[PlyCount "73"]
[EventDate "2004.11.19"]
[SourceDate "2004.11.19"]

1. e4 c5 2. Nf3 a6 3. c4 Nc6 4. d4 cxd4 5. Nxd4 Qb6 6. Nb3 e6 7. Nc3 Nf6 8. Bd3
Ne5 9. O-O Bb4 10. Bf4 d6 11. Rc1 Bd7 12. c5 Qd8 13. Bb1 Nc4 14. cxd6 e5 15.
Bg5 Nxb2 16. Qc2 Na4 17. Bxf6 gxf6 18. Nxa4 Bxa4 19. Rfd1 O-O 20. Qe2 Rc8 21.
Qg4+ Kh8 22. Rxc8 Qxc8 23. d7 Qc7 24. Rd3 Bxb3 25. axb3 Be7 26. Qd1 Rd8 27. h4
Ba3 28. b4 Bxb4 29. Ba2 Bc5 30. Qg4 Bxf2+ 31. Kxf2 Qc2+ 32. Qe2 Qxe2+ 33. Kxe2
Kg7 34. Rd6 Kf8 35. Bd5 Ke7 36. Rb6 Rxd7 37. Rxb7 1-0

[Event "Cto Esp Eq"]
[Site "?"]
[Date "2004.11.19"]
[Round "2"]
[White "Lacasa, Jose"]
[Black "Granados, Manuel"]
[Result "1-0"]
[WhiteElo "2431"]
[BlackElo "2425"]
[PlyCount "57"]
[EventDate "2004.11.19"]
[SourceDate "2004.11.19"]

1. e4 d5 2. exd5 Qxd5 3. Nc3 Qd6 4. d4 Nf6 5. Nf3 a6 6. g3 Bg4 7. Bg2 Nc6 8.
O-O O-O-O 9. d5 Ne5 10. Bf4 Nxf3+ 11. Bxf3 Bxf3 12. Qxf3 Qd7 13. Rad1 h5 14. h4
Qh3 15. Rfe1 g6 16. Ne4 Nxe4 17. Rxe4 Rd7 18. Qc3 f6 19. Rde1 g5 20. hxg5 h4
21. Rc4 Kd8 22. Rxc7 Ke8 23. Rxd7 Kxd7 24. gxf6 Rh7 25. f7 Rxf7 26. Qc7+ Ke8
27. Qb8+ Kd7 28. Qxb7+ Ke8 29. Qa8+ 1-0

[Event "Cto Esp Eq"]
[Site "?"]
[Date "2004.11.19"]
[Round "2"]
[White "San Segundo, Pablo"]
[Black "Damljanovic, Branko"]
[Result "0-1"]
[WhiteElo "2516"]
[BlackElo "2578"]
[PlyCount "76"]
[EventDate "2004.11.19"]
[SourceDate "2004.11.19"]

1. d4 Nf6 2. c4 g6 3. g3 Bg7 4. Bg2 O-O 5. Nc3 c5 6. Nf3 Nc6 7. O-O d6 8. dxc5
dxc5 9. Be3 Qa5 10. Qb3 Ng4 11. Bd2 Nd4 12. Nxd4 cxd4 13. Qb5 Qd8 14. Nd5 e6
15. Ba5 Qd7 16. Qxd7 Bxd7 17. Nf4 Bc6 18. Nd3 Rac8 19. b3 Rfe8 20. h3 Nf6 21.
Rad1 e5 22. Bxc6 bxc6 23. f3 c5 24. Nf2 e4 25. Rfe1 Bh6 26. Nxe4 Nxe4 27. fxe4
Rxe4 28. Bd2 Bxd2 29. Rxd2 Rce8 30. Kf2 a5 31. a3 Rb8 32. Rb1 f5 33. Rd3 Rbe8
34. Rb2 h5 35. b4 axb4 36. axb4 cxb4 37. Rdb3 h4 38. gxh4 Rxh4 0-1

[Event "Cto Esp Eq"]
[Site "?"]
[Date "2004.11.19"]
[Round "2"]
[White "Fernandez Garcia, Jose Luis"]
[Black "Baron, Jesus"]
[Result "1/2-1/2"]
[WhiteElo "2479"]
[BlackElo "2432"]
[PlyCount "75"]
[EventDate "2004.11.19"]
[SourceDate "2004.11.19"]

1. e4 e5 2. Bc4 Nf6 3. d3 c6 4. Nf3 Be7 5. O-O d6 6. c3 O-O 7. Re1 Bg4 8. h3
Bxf3 9. Qxf3 Nbd7 10. Be3 Re8 11. Nd2 Bf8 12. Bb3 Qe7 13. Rad1 h6 14. Nf1 g6
15. Nh2 Bg7 16. Ng4 Nxg4 17. Qxg4 Kh7 18. f4 h5 19. Qg3 Bh6 20. Rf1 f6 21. f5
Bxe3+ 22. Qxe3 g5 23. h4 g4 24. d4 Rad8 25. dxe5 Nxe5 26. Qxa7 c5 27. Bd5 g3
28. Qxb7 Qxb7 29. Bxb7 Rb8 30. Bd5 Rxb2 31. a4 Re7 32. Rb1 Rc2 33. a5 Ra7 34.
a6 Rxa6 35. Rb7+ Kh8 36. Rb8+ Kh7 37. Rb7+ Kh8 38. Rb8+ 1/2-1/2

[Event "Cto Esp Eq"]
[Site "?"]
[Date "2004.11.19"]
[Round "2"]
[White "Arizmendi, Julen"]
[Black "Comas, Luis"]
[Result "1/2-1/2"]
[WhiteElo "2531"]
[BlackElo "2509"]
[PlyCount "68"]
[EventDate "2004.11.19"]
[SourceDate "2004.11.19"]

1. e4 d6 2. d4 g6 3. Nf3 Bg7 4. Be2 Nf6 5. Nc3 O-O 6. O-O a6 7. Re1 e6 8. a4
Nc6 9. a5 b5 10. axb6 cxb6 11. d5 exd5 12. Nxd5 Bb7 13. Bg5 Re8 14. Bc4 Na5 15.
Ba2 Rc8 16. c3 Nc4 17. Bxc4 Rxc4 18. Nd2 Rc8 19. Qf3 Bxd5 20. exd5 Rxe1+ 21.
Rxe1 h6 22. Bh4 g5 23. Bg3 Qd7 24. h4 Re8 25. Rxe8+ Qxe8 26. hxg5 hxg5 27. Bxd6
Qd7 28. Qg3 Nxd5 29. Be5 Qf5 30. Bxg7 Kxg7 31. Nf3 Qb1+ 32. Kh2 Qh7+ 33. Kg1
Qb1+ 34. Kh2 Qh7+ 1/2-1/2

[Event "Cto Esp Eq"]
[Site "?"]
[Date "2004.11.19"]
[Round "2"]
[White "Carrasco, Juan"]
[Black "Tiviakov, Sergei"]
[Result "0-1"]
[WhiteElo "2408"]
[BlackElo "2617"]
[PlyCount "122"]
[EventDate "2004.11.19"]
[SourceDate "2004.11.19"]

1. d4 Nf6 2. Nf3 e6 3. Bg5 c5 4. c3 d5 5. e3 Nbd7 6. Nbd2 Be7 7. Bd3 Qc7 8. O-O
O-O 9. Rc1 h6 10. Bh4 b6 11. c4 Ba6 12. Qa4 dxc4 13. Bxc4 Bxc4 14. Nxc4 Qb7 15.
Nce5 Nxe5 16. Nxe5 b5 17. Qd1 cxd4 18. exd4 Rac8 19. Qb3 Rfd8 20. Nf3 a6 21. h3
g5 22. Bg3 Qd5 23. Bc7 Qxb3 24. axb3 Re8 25. Bb6 Nd5 26. Bc5 Nf4 27. Ra1 Bxc5
28. dxc5 Rxc5 29. Rxa6 Rd8 30. Ra7 Rd3 31. b4 Rf5 32. Ra3 Nxh3+ 33. Kh2 Nf4 34.
g3 Rxa3 35. bxa3 Nd3 36. Kg2 Rd5 37. Rb1 Kg7 38. Rb3 e5 39. Nh2 e4 40. Rc3 Rf5
41. f3 Ne1+ 42. Kf2 Nxf3 43. g4 Rf4 44. Nxf3 exf3 45. Rxf3 Rxg4 46. Rf5 Rf4+
47. Rxf4 gxf4 48. a4 bxa4 49. b5 a3 50. b6 a2 51. b7 a1=Q 52. b8=Q Qd4+ 53. Kf1
Qd3+ 54. Kg1 Qe3+ 55. Kf1 Qf3+ 56. Kg1 Qg4+ 57. Kf2 f3 58. Qb2+ Kh7 59. Qb3
Qg2+ 60. Ke3 Qe2+ 61. Kf4 Qe6 0-1